002740000a220008500045007730016000001000017000162450023000333000055000565000077001110 tPaso a Paso1 aKapolyo, Joe10aEl papel del padre aVol.0, núm.72 (Noviembre, 2007), Páginas 12-13 aBuenos modelos de conducta, Modelos de conducta dañinos, La paternidad